| 000 | 00730 a2200217 4500 | ||
|---|---|---|---|
| 003 | UA-OsUOA | ||
| 005 | 20260325171420.0 | ||
| 008 | 260325b un ||||| |||| 00| 0 ukr d | ||
| 020 | _a0889620148 | ||
| 040 |
_aUA-OsUOA _beng _cUA-OsUOA _dUA-OsUOA |
||
| 041 | _aeng | ||
| 080 | _a82.09 | ||
| 090 |
_a82.09 _bD63 |
||
| 245 |
_aDiscordant Voices. The Non-Russian Soviet Literatures. 1953–1973 _ceditor George S. N. Luckyj |
||
| 260 |
_bMosaic Press _c1975 _aOakville |
||
| 300 | _a149 p. | ||
| 650 |
_2UDC _a82.09 Літературна критика. Літературні дослідження _91582 |
||
| 942 |
_cBK _2udc |
||
| 955 | _a1 | ||
| 999 |
_c580210 _d580210 |
||